00826cam a22002531 4500001001300000003000400013005001700017008004100034010001700075035002000092040001800112041001100130042001200141050002000153130002800173245015100201260005200352300001900404500004600423650002500469700002500494740003600519999001700555sa 68001969 DLC20260227112438.0900711s1965 ii 000 0 sano  asa 68001969  a(OCoLC)21989353 aDLCcWaUdDLC0 asaneng apremarc00aBL1130.A353bV50 aViṣṇusahasranāma.10aŚrī Viṣṇusahasranāmastotram.bSri Vishnu sahasranama stotram, with namavali.cIntrod., English rendering and index by Swami Vimalananda. aTirupparaitturai,bTapovanam Pub. Housec[1965] a200 p.c19 cm. aEnglish and Sanskrit; introd. in English. 0aVishnu (Hindu deity)0 aVimalananda,cSwami.0 aSri Vishnu sahasranama stotram. c78354d78354